000 00897nab a2200241 i 4500
001 180775
003 ES-MaACL
005 20250904063108.0
008 120711s1913 sp 000 0 spa d
040 _cES-MaACL
100 1 _aTorromé, Rafael,
_d1861-1924
_eaut
_9111060
245 1 3 _aEl arte de la educación /
_cpor Rafael Torromé
300 _aPáginas 1-13
594 _aPrecede al título: Conferencias pedagógicas organizadas por la Escuela Normal Central de Maestros
599 _aRetrato del autor en portada
650 7 _aEducación
_2embne
_912073
655 4 _aConferencias
_9234444
710 2 _aEscuela Normal Central de Maestros (Madrid)
_eisb
_9150930
773 0 _tLa Palabra : revista taquigráfica,
_xISSN 2479-7723,
_gN. 8 (15 abril 1913), p. 1-13
_02879
_92987
_w2879
942 _cANAB
_2udc
_n0
999 _c180775
_d180775